LEADER 01030nam a2200253 4500 001 000000333398 003 CaOOAMICUS 005 20190606175333.0 008 190418s2017 it 000 u ita r 020 $a978-88-7313-413-8 040 $aSeMil$bita 110 0 $aCISL, Milano Metropoli.$0(OLS)http://semarc/name/109388 245 13$aLa storia delle categorie della CISL Milano Metropoli . 264 1$aRoma :$bEdizioni Lavoro,$c2017. 300 $a216 p. ;$c21 cm 541 1 $aFondo Mons. Mario Delpini 610 24$aCISL .$0(OLS)http://semarc/subject/2472 850 $aSeMil 852 $aSeMil$W1$xVenegono$y1$m3M III 296$j213822$B226452$CSeMilBibl$Z2$F226452 $81 941 1 $a7 996 $6020$a978-88-7313-413-8$9(OLS)http://semarc/number/287173 996 $6245$aLa storia delle categorie della CISL Milano Metropoli $9(OLS)http://semarc/title/422899 996 $6264$aRoma :$bEdizioni Lavoro$9(OLS)http://semarc/publisher/31304 LEADER 00716nam a2200181 i 4500 001 000000222133 003 CaOOAMICUS 005 20130906000000.0 008 130906s1785 it u000 u fre u 013 $a201030 026 $aS.ES ."a- ites enfu (3) 1785 (A) 040 $aSeMil$bita 245 10$a[Melanges historiques. Tome 2]. 300 $a[4], 328 p. 773 0 $aVoltaire <1694-1778>$tOeuvres completes de Voltaire. Tome 1. [-92.].$d[Kehl] : De l'Imprimerie de la Société Littéraire-typographique, 1785-1789.$g32$w()4088 850 $aSeMil 852 $aSeMil$W1$xVenegono$y1$m2Q IV 107 FA$j172479$B172479$CSeMilBibl$Z2$F182989 $8I 996 $6245$a[Melanges historiques. Tome 2]$9(OLS)http://semarc/title/318428